Départements Limitrophes de L'Allier - Statistiques

Statistiques générales
  • Ce quiz a été pris 69 fois
  • Le résultat moyen est 5 sur 6
Statistiques - réponses
Départements % Correct
Puy-de-Dôme
97%
Loire
93%
Nièvre
93%
Creuse
92%
Cher
88%
Saône-et-Loire
83%
Aucun quiz correspondant
Distribution des résultats
% des personnes avec chaque résultat
Percentile par nombre de réponses
Votre historique - résultats
Vous n’avez pas pris ce quiz